| 000 | 00565nam a22001457a 4500 | ||
|---|---|---|---|
| 020 | _a1-40547-216-2 | ||
| 082 |
_a823 _bPAP/C |
||
| 100 | _aPAPADEMETRIOU, LISA | ||
| 245 | _aCARS - THE BOOK OF THE FILM | ||
| 260 |
_aUNITED KINGDOM _bPARRAGON _c2006 |
||
| 300 | _a123 | ||
| 520 | _aLightning McQueen is a hot-shot young race car competing for the coveted Piston Cup. But when he gets lost on the way to a big race, he realizes that he still has a lot to learn about what it takes to be a true friend. | ||
| 650 |
_aCHILDREN'S STORY BOOK _zUNITED KINGDOM |
||
| 942 | _cBK | ||
| 999 |
_c7612 _d7612 |
||